[Event "Lipetsk Region-ch U18"]
[Site "Lipetsk"]
[Date "2010.03.20"]
[Round "8"]
[White "Omarov, Fariz"]
[Black "Pashkov, Alexander"]
[Result "0-1"]
[WhiteElo "1782"]
[BlackElo "2196"]
[PlyCount "42"]
[EventDate "2010.03.05"]
[EventType "swiss"]
[EventRounds "9"]
[EventCountry "RUS"]
[SourceTitle "EXT 2022"]
[Source "ChessBase"]
[SourceDate "2021.10.06"]
[SourceVersion "1"]
[SourceVersionDate "2021.10.06"]
[SourceQuality "1"]

1. e4 e5 2. Nf3 Nc6 3. Bc4 Bc5 4. c3 Nf6 5. Ng5 0-0 6. Qb3 d5 7. exd5 Nxd5 8. Nxf7 Bxf2+ 9. Kxf2 Rxf7+ 10. Kg1 Be6 11. Qxb7 Na5 12. Qa6 Nxc4 13. Qxe6 Nde3 14. Na3 Nxa3 15. bxa3 Qd3 16. Bb2 Qxd2 17. Qc6 Raf8 18. h3 Qxb2 19. Re1 Qf2+ 20. Kh2 Ng4+ 21. hxg4 Qh4+ 0-1